000
00249nam a2200109Ia 4500
008
190216s9999||||xx |||||||||||||| ||und||
100
_a
Surendran K
245
0
_a
Dasthayeviskiyude Katha
260
_b
Nbs Kottayam
650
_a
Kathakal
942
_c
BK
999
_c
25391
_d
25391